000 00949nam a22003257a 4500
003 CHAP
005 20220329143712.0
008 110307s1979 mx r 00010 spa d
010 _a100582
011 _a101554
020 _a9684290314
035 _a112242
040 _cCHAP
082 0 0 _a574.5
_bA3
100 0 0 _aAcot, Pascal.
_9720
245 1 0 _aIntroducción a la ecología
_c/por Pascal Acot
250 _a2 ed.
260 _aMéxico :
_bNueva Imagen,
_c1979
300 _a151 p.
490 0 _aEcología y sociedad
590 _aBATCH-UPD
_b10
_c20130110
_lUCH01
_h1702
590 _aBATCH-UPD
_b10
_c20130410
_lUCH01
_h1050
590 _aBATCH-UPD
_b10
_c20130914
_lUCH01
_h0343
590 _aCONVERSION
_b10
_c20130109
_lUCH01
_h1355
650 1 4 _aEcología.
_935134
830 0 _aEcología y sociedad
_935195
901 _aBK
942 _cLIBRO
949 _a574.5 Ac72
_bBC
_cLIBRO
_d33724002237256
_eLIBRO
_gDonaciØn
_h114294
_i112242
_si
999 _c100582
_d100582